100 Biggest Cities in France - Statistics

General Stats
  • This quiz has been taken 9,885 times
    9,844 since last reset
  • The average score is 39 of 100
Answer Stats
Rank Population City % Correct
1 2,230,000 Paris
100%
3 501,000 Lyon
98%
2 855,000 Marseille
98%
5 342,000 Nice
96%
9 244,000 Bordeaux
94%
4 458,000 Toulouse
93%
10 231,000 Lille
91%
7 276,000 Strasbourg
91%
6 293,000 Nantes
88%
8 272,000 Montpellier
81%
11 211,000 Rennes
81%
25 139,000 Brest
76%
17 153,000 Dijon
76%
16 160,000 Grenoble
73%
13 172,000 Le Havre
73%
12 183,000 Reims
72%
67 73,000 Calais
68%
15 164,000 Toulon
68%
66 73,000 Cannes
67%
14 172,000 Saint-Étienne
67%
33 114,000 Orléans
66%
35 111,000 Rouen
66%
41 104,000 Nancy
65%
30 119,000 Metz
64%
45 90,000 Avignon
62%
37 107,000 Caen
62%
27 135,000 Tours
62%
52 85,000 Versailles
60%
18 151,000 Nîmes
59%
19 150,000 Angers
56%
24 141,000 Clermont-Ferrand
56%
48 90,000 Dunkirk
56%
21 144,000 Le Mans
55%
29 121,000 Perpignan
55%
28 133,000 Amiens
54%
22 142,000 Saint-Denis
54%
36 109,000 Saint-Denis
54%
26 135,000 Limoges
51%
64 74,000 La Rochelle
50%
23 142,000 Aix-en-Provence
49%
72 68,000 Ajaccio
49%
34 112,000 Mulhouse
46%
58 78,000 Pau
45%
49 87,000 Poitiers
41%
31 117,000 Besançon
40%
71 68,000 Colmar
38%
77 64,000 Quimper
38%
86 60,000 Troyes
37%
20 147,000 Villeurbanne
35%
90 58,000 Lorient
32%
42 96,000 Roubaix
32%
81 62,000 Valence
30%
63 75,000 Béziers
28%
44 92,000 Nanterre
28%
73 67,000 Bourges
27%
89 59,000 Chambéry
26%
32 117,000 Boulogne-Billancourt
25%
47 90,000 Créteil
24%
62 75,000 Antibes
23%
38 107,000 Argenteuil
22%
43 94,000 Tourcoing
22%
40 104,000 Montreuil
21%
92 58,000 Montauban
20%
68 69,000 Saint-Nazaire
20%
94 57,000 Niort
19%
99 55,000 Beauvais
18%
54 84,000 Fort-de-France
18%
39 104,000 Saint-Paul
17%
83 62,000 Cergy
16%
59 77,000 Aubervilliers
15%
80 62,000 Neuilly-sur-Seine
15%
87 59,000 Clichy
14%
56 81,000 Saint-Pierre
14%
98 56,000 Saint-Quentin
14%
97 56,000 Hyères
13%
51 86,000 Courbevoie
12%
88 59,000 Ivry-sur-Seine
12%
46 90,000 Vitry-sur-Seine
12%
82 62,000 Antony
11%
53 85,000 Colombes
11%
70 68,000 Drancy
11%
74 66,000 Issy-les-Moulineaux
11%
69 68,000 Mérignac
11%
75 65,000 Levallois-Perret
10%
85 61,000 Pessac
10%
93 58,000 Sarcelles
10%
50 86,000 Asnières-sur-Seine
9%
55 83,000 Aulnay-sous-Bois
9%
60 76,000 Le Tampon
9%
78 63,000 Noisy-le-Grand
9%
84 62,000 Vénissieux
9%
61 76,000 Champigny-sur-Marne
8%
57 80,000 Rueil-Malmaison
8%
95 57,000 Villejuif
8%
79 63,000 Villeneuve-d'Ascq
8%
76 65,000 La Seyne-sur-Mer
6%
96 56,000 Saint-André
6%
65 74,000 Saint-Maur-des-Fossés
6%
100 55,000 Épinay-sur-Seine
5%
91 58,000 Les Abymes
5%
No matching quizzes found
Score Distribution
Percent of People with Each Score
Percentile by Number Answered
Your Score History
You have not taken this quiz since the last reset